La movilidad de la mano de obra en búsqueda de empleo
Guardado en:
| Hovedforfatter: | |
|---|---|
| Format: | Texto |
| Udgivet: |
s.l.:
s.e.
|
| Tags: |
Tilføj Tag
Ingen Tags, Vær først til at tagge denne postø!
|
MARC
| LEADER | 00000 a a2200000 04500 | ||
|---|---|---|---|
| 001 | 24337 | ||
| 003 | |||
| 040 | |||
| 090 | |a 166700 | ||
| 100 | |a Santos de Morais, Clodomir | ||
| 245 | |a La movilidad de la mano de obra en búsqueda de empleo | ||
| 260 | |a s.l.: |b s.e. | ||
| 300 | |a 42 p. |b **no definido** | ||
| 999 | |c 11757 |d 11757 | ||
